A HISTORY OF ARCHITECTURE IX TH EDITION. (Record no. 1171496)

MARC details
000 -LEADER
fixed length control field 00345nam a2200133Ia 4500
008 - FIXED-LENGTH DATA ELEMENTS--GENERAL INFORMATION
fixed length control field 230724s1999 xx und d
020 ## - INTERNATIONAL STANDARD BOOK NUMBER
International Standard Book Number 97889928899
041 ## - LANGUAGE CODE
Language code of text/sound track or separate title eng
082 ## - DEWEY DECIMAL CLASSIFICATION NUMBER
Classification number 720.9
100 ## - MAIN ENTRY--PERSONAL NAME
Personal name FLETCHERS B.
245 ## - TITLE STATEMENT
Title A HISTORY OF ARCHITECTURE IX TH EDITION.
260 ## - PUBLICATION, DISTRIBUTION, ETC.
Name of publisher, distributor, etc. C.B.S PUBLISHERS AND DISTRIBUTERS
Date of publication, distribution, etc. 1999
300 ## - PHYSICAL DESCRIPTION
Extent 1622
Holdings
Withdrawn status Lost status Damaged status Not for loan Home library Current library Date acquired Source of acquisition Cost, normal purchase price Total Checkouts Full call number Barcode Date due Date last seen Date last checked out Price effective from Koha item type
        College of Architecture, Pune College of Architecture, Pune 23/07/2024 NULL 995.00 1 720.9 ARP-BARCH-346 26/02/2026 26/02/2026 26/02/2026 23/07/2024 Book